Chợ quê Việt Nam
Nội dung sách nói về vẻ đẹp của các hoạt động ở chợ truyền thống của Việt Nam. Sách gồm hai phần. Phần 1: Chợ quê xưa dấu ấn quan trọng của văn hóa làng truyền thống. Phần 2: Chợ quê xưa - sưu tầm và giới thiệu....
Đã lưu trong:
| Tác giả chính: | |
|---|---|
| Định dạng: | Sách |
| Ngôn ngữ: | Undetermined |
| Được phát hành: |
Hà Nội
Khoa học - Xã hội
2015
|
| Những chủ đề: | |
| Các nhãn: |
Thêm thẻ
Không có thẻ, Là người đầu tiên thẻ bản ghi này!
|
| Thư viện lưu trữ: | Trung tâm Học liệu Trường Đại học Cần Thơ |
|---|
| LEADER | 00919nam a2200205Ia 4500 | ||
|---|---|---|---|
| 001 | CTU_209457 | ||
| 008 | 210402s9999 xx 000 0 und d | ||
| 082 | |a 398.09597 | ||
| 082 | |b L312 | ||
| 100 | |a Trần, Gia Linh | ||
| 245 | 0 | |a Chợ quê Việt Nam | |
| 245 | 0 | |c Trần Gia Linh | |
| 260 | |a Hà Nội | ||
| 260 | |b Khoa học - Xã hội | ||
| 260 | |c 2015 | ||
| 520 | |a Nội dung sách nói về vẻ đẹp của các hoạt động ở chợ truyền thống của Việt Nam. Sách gồm hai phần. Phần 1: Chợ quê xưa dấu ấn quan trọng của văn hóa làng truyền thống. Phần 2: Chợ quê xưa - sưu tầm và giới thiệu. | ||
| 650 | |a Folklore,Văn hóa dân gian | ||
| 650 | |z Vietnam,Việt Nam | ||
| 904 | |i Châu Thiên Phúc,Hải | ||
| 980 | |a Trung tâm Học liệu Trường Đại học Cần Thơ | ||